| 000 | 01851nam1a22003731i 4500 | ||
|---|---|---|---|
| 001 | v19\rc\2110530 | ||
| 005 | 20260406090451.0 | ||
| 035 | _a(NLR Aleph) 005279507 | ||
| 090 |
_a6083317 _c6083317 |
||
| 100 | _a20090914d1818 m||y0rusy50 ca | ||
| 101 | 0 | _arus | |
| 102 | _aRU | ||
| 140 | _ay y ebyaa0000 | ||
| 200 | 1 |
_aЕвгения, или Писма к другу, _fсобранныя Иваном Георгиевским |
|
| 210 |
_aСанктпетербург _cв типографии В.Плавильщикова _d1818 |
||
| 215 | _d12° | ||
| 300 | _aЦенз.: И.О.Тимковский, 9 авг. 1818 г. | ||
| 321 | 1 | _aСК 1801-1825 1588 | |
| 327 | 0 | _aИзвестие об авторе / П[етр] П[летнев] (С. I-XXXIII ч.1) | |
| 464 | 0 |
_12001#$aИзвестие об авторе$fПетр Плетнев _1215##$aС. I-XXXIII 1 ч. _1700#1$aПлетнев$bП.$gПетр _tИзвестие об авторе _aПлетнев, Петр |
|
| 517 | 1 | _aЕвгения, или Письма к другу | |
| 518 | 1 | _aПисьма к другу | |
| 518 | 1 | _aПисма к другу | |
| 620 | _dСанкт-Петербург | ||
| 700 | 1 |
_aГеоргиевский _bИ. С. _f1793-1818 _gИван Сергеевич |
|
| 702 | 1 |
_4190 _7ca _8rus _aТимковский _bИ. О. _f1768-1837 _gИван Осипович _9227481 _3RU\NLR\AUTH\770227537 |
|
| 702 | 1 |
_4610 _7ca _8rus _aПлавильщиков _bВ. А. _f1768-1823 _gВасилий Алексеевич _941180 _3RU\NLR\AUTH\7758248 |
|
| 712 | 0 | 0 |
_aПлавильщиков, _cПетербург _gВ. А., _hтипография _9517304 _3RU\NLR\AUTH\880426395 |
| 801 | 0 |
_aRU _bNLR _c20090914 _gpsbo |
|
| 801 | 1 |
_aRU _bProSoft-M _c20090914 _2rusmarc |
|
| 801 | 2 |
_aRU _bNLR _c20110303 _2rusmarc |
|
| 852 |
_aNLR _j18.260.5.22 |
||
| 942 | _cBOOK | ||